Simplified resource manual to support application of protocol on strategic environmental assessment (Record no. 57485)

MARC details
000 -LEADER
fixed length control field 00638nam a2200133 a 4500
008 - FIXED-LENGTH DATA ELEMENTS--GENERAL INFORMATION
fixed length control field 130122s2012 ||||||||||||||||| || u
050 ## - LIBRARY OF CONGRESS CALL NUMBER
Classification number UN-ECE(02)2012/11
110 ## - MAIN ENTRY--CORPORATE NAME
Corporate name or jurisdiction name as entry element United Nations Economic Commission for Europe (UNECE)
245 10 - TITLE STATEMENT
Title Simplified resource manual to support application of protocol on strategic environmental assessment
Statement of responsibility, etc. by United Nations Economic Commission for Europe [UNECE]
260 ## - PUBLICATION, DISTRIBUTION, ETC.
Place of publication, distribution, etc. New York:
Date of publication, distribution, etc. 2012
300 ## - PHYSICAL DESCRIPTION
Extent iv, 20p.: ill.
650 ## - SUBJECT ADDED ENTRY--TOPICAL TERM
Topical term or geographic name entry element ENVIRONMENTAL ASSESSMENT
995 ## - RECOMMENDATION 995 [LOCAL, UNIMARC FRANCE]
-- CBU-MAIN LIBRARY (Kitwe)
-- 1
-- AVAILABLE
-- Jan 22, 2013
-- International Publications
Holdings
Withdrawn status Lost status Source of classification or shelving scheme Damaged status Not for loan Home library Current library Shelving location Date acquired Total Checkouts Full call number Barcode Date last seen Price effective from Koha item type
          CBU-MAIN LIBRARY, KITWE. CBU-MAIN LIBRARY, KITWE.   11/30/2022   UN-ECE(02)2012/11 B470 11/30/2022 11/30/2022 MONOGRAPH